Our water heroes (Record no. 520893)

000 -LEADER
fixed length control field 00783nam a22001457a 4500
008 - FIXED-LENGTH DATA ELEMENTS--GENERAL INFORMATION
fixed length control field 221026b ||||| |||| 00| 0 eng d
100 ## - MAIN ENTRY--PERSONAL NAME
Personal name Goyal, V.C., Sarkar, A. and Goyal, V.
245 ## - TITLE STATEMENT
Title Our water heroes
260 ## - PUBLICATION, DISTRIBUTION, ETC. (IMPRINT)
Place of publication, distribution, etc Yojana
300 ## - PHYSICAL DESCRIPTION
Extent 66(10), Oct, 2022: p.42-44
520 ## - SUMMARY, ETC.
Summary, etc Even though Indian suffered for 200 years under British colonial rule, its spirit to fight though difficult periods never wondered. Like a phoenix, India, rose from its dark past to hold a prominent place in the world at present. Not only in the ancient Vedic and medieval periods, post-medieval ear also witnessed pioneering works done on the development and conservation of water reoccurs. – Reproduced
773 ## - HOST ITEM ENTRY
Main entry heading Yojana
906 ## - LOCAL DATA ELEMENT F, LDF (RLIN)
Subject DIP WATER RESOURCE MANAGEMENT
942 ## - ADDED ENTRY ELEMENTS (KOHA)
Item type Articles
Holdings
Withdrawn status Lost status Source of classification or shelving scheme Damaged status Not for loan Permanent location Current location Date acquired Serial Enumeration / chronology Barcode Date last seen Koha item type
          Indian Institute of Public Administration Indian Institute of Public Administration 2022-10-26 66(10), Oct, 2022: p.42-44 AR127461 2022-10-26 Articles

Powered by Koha